[Event "16th Rubinstein Memorial"]
[Site "Polanica Zdroj POL"]
[Date "1978.08.18"]
[Round "11"]
[White "Ghinda, Mihail Viorel"]
[Black "Garcia Martinez, Silvino"]
[WhiteElo "2445"]
[BlackElo "2435"]
[Result "1/2-1/2"]
[EventDate "1978.08.06"]
[PlyCount "71"]
1. e4 c5 2. Nf3 Nc6 3. d4 cxd4 4. Nxd4 g6 5. c4 Nf6 6. Nc3 d6 7. Be2 Nxd4 8. Qxd4 Bg7 9. Bg5 Bd7 10. O-O h6 11. Be3 Bc6 12. f3 O-O 13. Qd2 Kh7 14. Rfd1 Nd7 15. b4 b6 16. Bd4 Bxd4+ 17. Qxd4 a5 18. a3 axb4 19. axb4 Rxa1 20. Rxa1 Qc7 21. Nd5 Bxd5 22. cxd5 g5 23. Qc4 Rc8 24. Qxc7 Rxc7 25. Bb5 Ne5 26. Bc6 Nxc6 27. Rc1 b5 28. Rxc6 Rb7 29. g3 Kg7 30. Kf2 Ra7 31. Rb6 Ra2+ 32. Ke3 Rxh2 33. g4 h5 34. gxh5 Rxh5 35. Rxb5 Rh3 36. Kf2 1/2-1/2

[Event "16th Rubinstein Memorial"]
[Site "Polanica Zdroj POL"]
[Date "1978.08.18"]
[Round "11"]
[White "Swic, Waldemar"]
[Black "Knezevic, Milorad"]
[WhiteElo "2430"]
[BlackElo "2505"]
[Result "1/2-1/2"]
[EventDate "1978.08.06"]
[PlyCount "24"]
1. e4 Nf6 2. e5 Nd5 3. d4 d6 4. Nf3 dxe5 5. Nxe5 g6 6. Bc4 Be6 7. Nc3 c6 8. Ne4 Nc7 9. Be2 Nd7 10. Nxd7 Bxd7 11. h4 Bg7 12. c3 h5 1/2-1/2

[Event "16th Rubinstein Memorial"]
[Site "Polanica Zdroj POL"]
[Date "1978.08.19"]
[Round "12"]
[White "Diesen, Mark C"]
[Black "Boensch, Uwe"]
[WhiteElo "2440"]
[BlackElo "2490"]
[Result "1/2-1/2"]
[EventDate "1978.08.06"]
[PlyCount "37"]
1. e4 c5 2. Nf3 d6 3. d4 cxd4 4. Nxd4 Nf6 5. Nc3 a6 6. Be2 e6 7. O-O Nbd7 8. a4 Be7 9. f4 O-O 10. Bf3 Qc7 11. g4 Rd8 12. g5 Ne8 13. Bg2 g6 14. Bh3 Nf8 15. Kh1 d5 16. e5 Ng7 17. Bg2 b6 18. Be3 Bb7 19. Nce2 1/2-1/2

[Event "16th Rubinstein Memorial"]
[Site "Polanica Zdroj POL"]
[Date "1978.08.19"]
[Round "12"]
[White "Garcia Martinez, Silvino"]
[Black "Farago, Ivan"]
[WhiteElo "2435"]
[BlackElo "2510"]
[Result "1-0"]
[EventDate "1978.08.06"]
[PlyCount "57"]
1. c4 Nf6 2. Nc3 c5 3. g3 d5 4. cxd5 Nxd5 5. Bg2 e6 6. Nxd5 exd5 7. Qb3 Be6 8. Qxb7 Nd7 9. Nh3 Nb6 10. Qa6 Bd6 11. d3 O-O 12. Nf4 Bc8 13. Qa5 Bb7 14. O-O Qe7 15. h4 Bxf4 16. Bxf4 Qxe2 17. Qxc5 Qxb2 18. Qe7 Ba6 19. Be5 Qe2 20. Qg5 f6 21. Bxf6 Rxf6 22. Bxd5+ Kf8 23. Bxa8 Nxa8 24. Rae1 Qxd3 25. Rd1 Qf3 26. Rd7 g6 27. Qe5 Kg8 28. Qe8+ Rf8 29. Qe6+ 1-0

[Event "16th Rubinstein Memorial"]
[Site "Polanica Zdroj POL"]
[Date "1978.08.19"]
[Round "12"]
[White "Kuligowski, Adam"]
[Black "Bielczyk, Jacek"]
[WhiteElo "2310"]
[BlackElo "2380"]
[Result "0-1"]
[EventDate "1978.08.06"]
[PlyCount "168"]
1. c4 e5 2. Nc3 d6 3. g3 g6 4. Bg2 Bg7 5. e4 Nc6 6. Nge2 Nge7 7. O-O O-O 8. d3 Be6 9. Be3 Qd7 10. Nd5 Rae8 11. Qd2 f5 12. Rae1 Kh8 13. f4 a6 14. b3 Rf7 15. d4 exd4 16. Nxd4 Bxd5 17. exd5 Nxd4 18. Bxd4 Ng8 19. Bxg7+ Kxg7 20. Re6 Nf6 21. Qc3 Rff8 22. Rfe1 b6 23. h3 h5 24. R1e3 a5 25. Qe1 Rxe6 26. dxe6 Qe7 27. Qc3 Rh8 28. a3 Rd8 29. Bf3 Kg8 30. Qd4 Ne8 31. Bc6 Nf6 32. Kg2 Kh7 33. Bf3 Rf8 34. Re2 Rg8 35. Kf1 Rf8 36. Kg1 Re8 37. Bc6 Rf8 38. Bf3 Re8 39. Kf1 Rf8 40. Re3 Re8 41. Bc6 Rd8 42. Bf3 Re8 43. Re2 Qg7 44. b4 axb4 45. axb4 Re7 46. b5 Re8 47. Kg2 Re7 48. Qa1 Qh8 49. Qe1 Kg7 50. Qd1 Qe8 51. Qe1 Qh8 52. Qc3 Kh7 53. Re1 Qg7 54. Qd4 Qh8 55. Qd1 Qe8 56. Bc6 Qg8 57. Bd5 Qg7 58. Re3 Qh6 59. Qd4 Qg7 60. Kf3 Re8 61. Ra3 Qh8 62. Ra7 Qg7 63. Ke2 Re7 64. Kd3 Re8 65. Kc2 Re7 66. Qd3 Qh6 67. Ra8 Qg7 68. Rd8 Kh6 69. Qa3 Kh7 70. Qa8 h4 71. gxh4 Nh5 72. Rf8 Nxf4 73. Rf7 Rxf7 74. exf7 Nxd5 75. f8=N+ Kh6 76. cxd5 Qe5 77. Qa3 Qe2+ 78. Kc1 Qe1+ 79. Kb2 Qe2+ 80. Ka1 Qd1+ 81. Kb2 Qe2+ 82. Ka1 Qd1+ 83. Ka2 Qxd5+ 84. Qb3 Qa8+ 0-1

[Event "16th Rubinstein Memorial"]
[Site "Polanica Zdroj POL"]
[Date "1978.08.20"]
[Round "13"]
[White "Bielczyk, Jacek"]
[Black "Diesen, Mark C"]
[WhiteElo "2380"]
[BlackElo "2440"]
[Result "1/2-1/2"]
[EventDate "1978.08.06"]
[PlyCount "82"]
1. e4 c5 2. Nf3 d6 3. d4 cxd4 4. Nxd4 Nf6 5. Nc3 a6 6. f4 e6 7. Be2 Be7 8. O-O O-O 9. Kh1 Nc6 10. Be3 Bd7 11. Qe1 b5 12. a3 Qb8 13. Bf3 Nxd4 14. Bxd4 e5 15. Nd5 Nxd5 16. exd5 exd4 17. Qxe7 Bf5 18. Qe2 Rc8 19. Rac1 Rxc2 20. Rxc2 d3 21. Qd2 dxc2 22. g4 Bd7 23. Rc1 Qd8 24. Rxc2 Qh4 25. Qf2 Qxf2 26. Rxf2 Rc8 27. Kg2 f6 28. Re2 Kf7 29. h3 g5 30. Be4 h6 31. f5 Rc4 32. Kf3 b4 33. Bd3 Rf4+ 34. Ke3 bxa3 35. bxa3 Ra4 36. Ra2 Bb5 37. Bc2 Rf4 38. Rb2 h5 39. Rb4 hxg4 40. hxg4 Rxb4 41. axb4 Ke7 1/2-1/2

[Event "16th Rubinstein Memorial"]
[Site "Polanica Zdroj POL"]
[Date "1978.08.20"]
[Round "13"]
[White "Swic, Waldemar"]
[Black "Tseitlin, Mark"]
[WhiteElo "2430"]
[BlackElo "2381"]
[Result "1/2-1/2"]
[EventDate "1978.08.06"]
[PlyCount "48"]
1. e4 e5 2. Nf3 Nc6 3. Bb5 a6 4. Ba4 Nf6 5. O-O Be7 6. Re1 b5 7. Bb3 d6 8. c3 O-O 9. d4 Bg4 10. Be3 Na5 11. dxe5 Bxf3 12. Qxf3 dxe5 13. Bc2 Nc4 14. Bc1 c5 15. b3 Na5 16. Nd2 Nc6 17. Nf1 b4 18. Rd1 Qc7 19. Ng3 bxc3 20. Qxc3 Nd4 21. Bd3 Rfd8 22. Be3 g6 23. h3 a5 24. Rac1 Qb6 1/2-1/2

[Event "16th Rubinstein Memorial"]
[Site "Polanica Zdroj POL"]
[Date "1978.08.21"]
[Round "14"]
[White "Garcia Martinez, Silvino"]
[Black "Boensch, Uwe"]
[WhiteElo "2435"]
[BlackElo "2490"]
[Result "1-0"]
[EventDate "1978.08.06"]
[PlyCount "129"]
1. e4 c5 2. Nf3 d6 3. d4 cxd4 4. Nxd4 Nf6 5. Nc3 a6 6. Bg5 e6 7. f4 Be7 8. Qf3 h6 9. Bh4 Nc6 10. O-O-O Bd7 11. e5 Nxd4 12. Rxd4 Bc6 13. Qd1 Nd5 14. Bxe7 Qxe7 15. Nxd5 Bxd5 16. exd6 Qxd6 17. Bc4 O-O 18. Bxd5 exd5 19. Qf3 Rad8 20. Rhd1 Qb6 21. a3 Rfe8 22. Kb1 Re1 23. Rxd5 Rxd1+ 24. Rxd1 Rxd1+ 25. Qxd1 Qf2 26. Qd8+ Kh7 27. Qd3+ Kg8 28. Qd8+ Kh7 29. Qd3+ Kg8 30. Qe4 Qg1+ 31. Ka2 Qxh2 32. Qxb7 Qxf4 33. Qc8+ Kh7 34. Qxa6 f5 35. Qc6 h5 36. a4 Qe5 37. c4 f4 38. Qd5 Qe8 39. Qf5+ g6 40. Qb5 Qe2 41. a5 Kh6 42. a6 Qe3 43. Qb8 Qd4 44. Qc7 f3 45. gxf3 Qd1 46. Qf4+ Kh7 47. Qf7+ Kh6 48. Qf8+ Kh7 49. Qe7+ Kh6 50. Qe3+ Kh7 51. Qb3 Qd4 52. Qa4 Qa7 53. Qc6 Kh6 54. f4 Qf7 55. Qa4 Qa7 56. Qc6 Qf7 57. Qd5 Qc7 58. Kb1 Qa7 59. Qd8 Kh7 60. Qc8 Qd4 61. Qc7+ Kh6 62. Ka2 Qd1 63. Qc6 Qd2 64. f5 Qa5+ 65. Kb3 1-0

[Event "16th Rubinstein Memorial"]
[Site "Polanica Zdroj POL"]
[Date "1978.08.21"]
[Round "14"]
[White "Knezevic, Milorad"]
[Black "Schmidt, Wlodzimierz"]
[WhiteElo "2505"]
[BlackElo "2505"]
[Result "1/2-1/2"]
[EventDate "1978.08.06"]
[PlyCount "31"]
1. g3 g6 2. Bg2 Bg7 3. e4 c5 4. Ne2 Nc6 5. c3 e5 6. d3 Nge7 7. Be3 d6 8. a3 O-O 9. b4 b6 10. b5 Na5 11. c4 Be6 12. O-O Qd7 13. a4 Bh3 14. Bd2 Bxg2 15. Kxg2 Nb7 16. f3 1/2-1/2

[Event "16th Rubinstein Memorial"]
[Site "Polanica Zdroj POL"]
[Date "1978.08.21"]
[Round "14"]
[White "Sznapik, Aleksander"]
[Black "Swic, Waldemar"]
[WhiteElo "2430"]
[BlackElo "2430"]
[Result "1-0"]
[EventDate "1978.08.06"]
[PlyCount "82"]
1. e4 e5 2. Nf3 Nc6 3. Bb5 a6 4. Ba4 Nf6 5. O-O Be7 6. Re1 b5 7. Bb3 d6 8. c3 O-O 9. h3 Na5 10. Bc2 c5 11. d4 Qc7 12. Nbd2 Rd8 13. d5 Bd7 14. g4 h5 15. Nh2 hxg4 16. hxg4 Nh7 17. Ndf3 Rdb8 18. Kh1 Qd8 19. Rg1 Ng5 20. Qf1 Nxf3 21. Nxf3 g5 22. Rg3 f6 23. Ne1 Qe8 24. Ng2 Bxg4 25. Kg1 Qh5 26. Ne3 Bd7 27. Bd1 Qg6 28. Bg4 Bxg4 29. Rxg4 Kf7 30. Nf5 Rh8 31. f4 exf4 32. Bxf4 Nb7 33. Qg2 Rh7 34. Rf1 Rah8 35. Bxg5 Rh2 36. Qxh2 Rxh2 37. Kxh2 Ke8 38. Nxe7 Qh7+ 39. Rh4 Qxe7 40. Bxf6 Qf7 41. Rf5 Kd7 1-0

[Event "16th Rubinstein Memorial"]
[Site "Polanica Zdroj POL"]
[Date "1978.08.23"]
[Round "15"]
[White "Bielczyk, Jacek"]
[Black "Garcia Martinez, Silvino"]
[WhiteElo "2380"]
[BlackElo "2435"]
[Result "0-1"]
[EventDate "1978.08.06"]
[PlyCount "64"]
1. e4 e6 2. Nf3 d5 3. Nc3 Nf6 4. e5 Ne4 5. Qe2 Nxc3 6. dxc3 c5 7. Bf4 Qa5 8. Qd2 Nc6 9. Be2 h6 10. h4 Bd7 11. h5 O-O-O 12. a3 Kb8 13. O-O g5 14. Bg3 Bg7 15. Qe3 Ne7 16. Bh2 Nf5 17. Qd3 g4 18. Ne1 c4 19. Qd2 g3 20. fxg3 Bxe5 21. g4 Qb6+ 22. Kh1 Ng3+ 23. Bxg3 Bxg3 24. Nf3 Bc7 25. b3 cxb3 26. cxb3 Qd6 27. Rad1 Rhg8 28. Qd4 Bc6 29. Qf6 Rxg4 30. Rf2 Qg3 31. Kg1 Rf4 32. Qxh6 Bb6 0-1

[Event "16th Rubinstein Memorial"]
[Site "Polanica Zdroj POL"]
[Date "1978.08.23"]
[Round "15"]
[White "Boensch, Uwe"]
[Black "Knezevic, Milorad"]
[WhiteElo "2490"]
[BlackElo "2505"]
[Result "1/2-1/2"]
[EventDate "1978.08.06"]
[PlyCount "32"]
1. Nf3 Nf6 2. b3 d5 3. Bb2 Bf5 4. g3 e6 5. Bg2 Be7 6. O-O O-O 7. d3 h6 8. Nbd2 Bh7 9. Ne5 a5 10. a3 Nfd7 11. Nxd7 Nxd7 12. c4 Bf6 13. Qc2 Bxb2 14. Qxb2 Qf6 15. Rab1 Qxb2 16. Rxb2 c6 1/2-1/2

[Event "16th Rubinstein Memorial"]
[Site "Polanica Zdroj POL"]
[Date "1978.08.23"]
[Round "15"]
[White "Farago, Ivan"]
[Black "Tseitlin, Mark"]
[WhiteElo "2510"]
[BlackElo "2381"]
[Result "1/2-1/2"]
[EventDate "1978.08.06"]
[PlyCount "48"]
1. c4 Nf6 2. Nc3 e5 3. Nf3 Nc6 4. g3 Nd4 5. Bg2 Nxf3+ 6. Bxf3 Bb4 7. Qc2 O-O 8. O-O Re8 9. d3 h6 10. a3 Bxc3 11. Qxc3 d5 12. cxd5 Nxd5 13. Qc5 Nf6 14. Qc2 c6 15. b4 Bg4 16. Bh1 Qd7 17. Bb2 Rad8 18. Rfe1 a6 19. Rad1 Qe6 20. f3 Bh3 21. e4 Rd7 22. d4 exd4 23. Rxd4 Red8 24. Red1 Qa2 1/2-1/2

[Event "16th Rubinstein Memorial"]
[Site "Polanica Zdroj POL"]
[Date "1978.08.23"]
[Round "15"]
[White "Ghinda, Mihail Viorel"]
[Black "Sznapik, Aleksander"]
[WhiteElo "2445"]
[BlackElo "2430"]
[Result "1/2-1/2"]
[EventDate "1978.08.06"]
[PlyCount "55"]
1. e4 e5 2. Nf3 Nc6 3. Bb5 a6 4. Ba4 Nf6 5. O-O Be7 6. Re1 b5 7. Bb3 d6 8. c3 O-O 9. h3 Nb8 10. d4 Nbd7 11. Nbd2 Bb7 12. Bc2 Re8 13. Nf1 Bf8 14. Ng3 c5 15. a4 g6 16. d5 c4 17. Be3 Bg7 18. Qd2 Qe7 19. Bh6 Qf8 20. Bxg7 Qxg7 21. Ra3 Nc5 22. axb5 axb5 23. Rea1 Rxa3 24. Rxa3 Ra8 25. Rxa8+ Bxa8 26. Qd1 Qh6 27. Qd2 Qxd2 28. Nxd2 1/2-1/2

[Event "16th Rubinstein Memorial"]
[Site "Polanica Zdroj POL"]
[Date "1978.08.23"]
[Round "15"]
[White "Kuligowski, Adam"]
[Black "Diesen, Mark C"]
[WhiteElo "2310"]
[BlackElo "2440"]
[Result "0-1"]
[EventDate "1978.08.06"]
[PlyCount "53"]
1. d4 Nf6 2. c4 g6 3. Nc3 Bg7 4. e4 d6 5. f3 O-O 6. Be3 e5 7. d5 Nh5 8. Qd2 f5 9. O-O-O Nd7 10. Bd3 a6 11. Kb1 Ndf6 12. exf5 gxf5 13. Nh3 Qe7 14. Ng5 e4 15. Bc2 b5 16. cxb5 axb5 17. Nxb5 Rb8 18. Nd4 Qe5 19. f4 Qxd5 20. Bb3 Rxb3 21. Nxb3 Qb7 22. Rc1 h6 23. Nh3 Nd5 24. Bd4 Bxd4 25. Qxd4 Nhf6 26. Na5 Qb5 27. Nc6 0-1